Principles of Performance Engineering (Record no. 176254)

000 -LEADER
fixed length control field 00765 a2200169 4500
003 - CONTROL NUMBER IDENTIFIER
control field Nust
005 - DATE AND TIME OF LATEST TRANSACTION
control field 20221007181834.0
020 ## - INTERNATIONAL STANDARD BOOK NUMBER
International Standard Book Number 0852968833
040 ## - CATALOGING SOURCE
Transcribing agency Nust
082 ## - DEWEY DECIMAL CLASSIFICATION NUMBER
Classification number 921.382,GHA
245 ## - TITLE STATEMENT
Title Principles of Performance Engineering
Remainder of title Telecommunication and information systems
Statement of responsibility, etc. M.Ghanbari, C,J Hughes , M.C Sinclair, J.P Eade
260 ## - PUBLICATION, DISTRIBUTION, ETC.
Place of publication, distribution, etc. UK
Name of publisher, distributor, etc. Short Run Press
Date of publication, distribution, etc. 1997
300 ## - PHYSICAL DESCRIPTION
Extent x,327,p;
505 ## - FORMATTED CONTENTS NOTE
Formatted contents note Introduction (Page-1), Analytical methods (Page-8), Simulation methods (Page-50), Queuing systems (Page-92), Queuing networks (Page-126), Switched systems (Page-152), Packet networks (Page-200), Introduction to reliability (Page-259), Miscellaneous examples of performance engineering (Page-302).
600 ## - SUBJECT ADDED ENTRY--PERSONAL NAME
Personal name M.Ghanbari
9 (RLIN) 97337
942 ## - ADDED ENTRY ELEMENTS (KOHA)
Koha item type Reference
Source of classification or shelving scheme
Holdings
Withdrawn status Lost status Source of classification or shelving scheme Damaged status Not for loan Permanent Location Current Location Shelving location Date acquired Full call number Barcode Date last seen Price effective from Koha item type Public note
          Military College of Signals (MCS) Military College of Signals (MCS) Reference 12/12/2016 621.382,GHA MCS26772 12/08/2016 12/12/2016 Reference Almirah No.24, Shelf No.6
© 2023 Central Library, National University of Sciences and Technology. All Rights Reserved.